Piłka nożna - powiązania - TOP3 #6 - Statystyki

Ogólne statystyki
  • Ten quiz został rozwiązany 208 razy
  • Średni wynik to 5 z 27
Statystyki odpowiedzi
Hint Odpowiedź % Poprawnych
MU/Belgia2 Lukaku
60%
MU/City3 Tevez
49%
Lpool/City2 Sterling
41%
MU/Belgia1 Fellaini
40%
Milan/Belgia3 Origi
39%
Lpool/Belgia2 Origi
39%
Milan/Ajax2 Ibrahimovic
32%
MU/Ajax2 Onana
22%
Lpool/Ajax2 Suarez
21%
MU/Belgia3 Januzaj
18%
Lpool/Belgia1 Mignolet
16%
Lpool/City1 Milner
16%
MU/City1 Schmeichel
14%
MU/Ajax3 van der Sar
14%
Milan/Ajax1 Seedorf
13%
Lpool/Belgia3 Benteke
12%
MU/Ajax1 Blind
9%
Lpool/Ajax1 Henderson
8%
Milan/City1 De Jong
6%
Milan/Belgia2 De Ketelaere
6%
Milan/Belgia1 Saelemaekers
6%
Milan/City2 Diaz
5%
MU/City2 Cole
4%
Milan/Ajax3 Huntelaar
4%
Milan/City3 Robinho
4%
Lpool/Ajax3 Babel
1%
Lpool/City3 Fowler
1%
Nie znaleziono quizów pasujących do podanych kryteriów
Rozkład punktacji
Procent ludzi z każdym wynikiem
Percentyl według liczby udzielonych odpowiedzi
Twoja historia wyników
Nie rozwiązałeś tego quizu